General Knowledge - Asia - Statistics

General Stats
  • This quiz has been taken 58 times
  • The average score is 3 of 6
Answer Stats
Question Answer % Correct
What is the biggest country in Asia? China
100%
Which country has the longest coastline? Indonesia
70%
How many countries are in Asia? 48
50%
What is the smallest set of islands? Cocos (Keeling) Islands
40%
What is the smallest country? Maldives
40%
Which country has the biggest population? China
20%
No matching quizzes found
Score Distribution
Percent of People with Each Score
Percentile by Number Answered
Your Score History
You have not taken this quiz